Statistics for Mountain Ranges by Picture

Click here to take the quiz!

General Stats

  • This quiz has been taken 38 times
  • The average score is 7 of 12

Answer Stats

Answer% Correct
Himalayas
92%
Pyrenees
86%
Rocky Mountains
86%
Andes
59%
Carpathians
59%
Alps
57%
Atlas
57%
Sierra Nevada
57%
Appalachians
54%
Caucasus
41%
Urals
32%
Apennines
11%

Score Distribution

Percentile by Number Answered

Percent of People with Each Score

Your Score History

You have not taken this quiz